000 00828nam a2200205 i 4500
001 185090
003 ES-MaACL
005 20251220171212.0
008 160321s1931 sp a |||| | glg d
245 0 0 _aCatálogo dos castros galegos.
_nIV,
_pBisbarra de Melide.
260 _aA Coruña :
_bNos,
_c1931.
300 _a74 p. :
_bil. ;
_c29 cm.
490 1 _aPubricacións doSeminario de Estudos Galegos. Seizón de Prehistoria
490 1 _aPubricacións do Seminario de Estudos Galegos. Seizón de etnografía e folklore
650 4 _aCastros-
_zGalicia.
_9159169
830 0 _aPubricacións doSeminario de Estudos Galegos. Seizón de Prehistoria
_9192263
830 0 _aPublicacións do Seminario de Estudos Galegos. Seizón de etnografía e folklore
_9192264
852 _aES-MaACL
_j1755-F-25
999 _c185090
_d185090